<?xml version="1.0" encoding="UTF-8"?>
<record
    xmlns:xsi="http://www.w3.org/2001/XMLSchema-instance"
    xsi:schemaLocation="http://www.loc.gov/MARC21/slim http://www.loc.gov/standards/marcxml/schema/MARC21slim.xsd"
    xmlns="http://www.loc.gov/MARC21/slim">

  <leader>00546nam a22001577a 4500</leader>
  <controlfield tag="005">20260325105905.0</controlfield>
  <controlfield tag="008">260325b        |||||||| |||| 00| 0 eng d</controlfield>
  <datafield tag="020" ind1=" " ind2=" ">
    <subfield code="a">978-93-5442-677-3</subfield>
  </datafield>
  <datafield tag="041" ind1=" " ind2=" ">
    <subfield code="a">Mar.</subfield>
  </datafield>
  <datafield tag="100" ind1=" " ind2=" ">
    <subfield code="a">&#x92E;&#x939;&#x93E;&#x91C;&#x928;, &#x92A;&#x941;&#x930;&#x941;&#x937;&#x94B;&#x924;&#x94D;&#x924;&#x92E;</subfield>
    <subfield code="9">217257</subfield>
  </datafield>
  <datafield tag="245" ind1=" " ind2=" ">
    <subfield code="a">&#x92E;&#x941;&#x926;&#x94D;&#x930;&#x93F;&#x924;&#x936;&#x94B;&#x927;&#x928; &#x935; &#x938;&#x930;&#x94D;&#x91C;&#x928;&#x936;&#x940;&#x932; &#x932;&#x947;&#x916;&#x928; ( Marathi Ref. ) </subfield>
  </datafield>
  <datafield tag="250" ind1=" " ind2=" ">
    <subfield code="a">1st ed.</subfield>
  </datafield>
  <datafield tag="260" ind1=" " ind2=" ">
    <subfield code="a">Pune</subfield>
    <subfield code="b">Atharv                                                                          </subfield>
  </datafield>
  <datafield tag="300" ind1=" " ind2=" ">
    <subfield code="a">92</subfield>
    <subfield code="b">148</subfield>
  </datafield>
  <datafield tag="942" ind1=" " ind2=" ">
    <subfield code="c">RF</subfield>
  </datafield>
  <datafield tag="999" ind1=" " ind2=" ">
    <subfield code="c">370771</subfield>
    <subfield code="d">370771</subfield>
  </datafield>
  <datafield tag="952" ind1=" " ind2=" ">
    <subfield code="0">0</subfield>
    <subfield code="1">0</subfield>
    <subfield code="2">ddc</subfield>
    <subfield code="4">0</subfield>
    <subfield code="7">0</subfield>
    <subfield code="a">SSMM</subfield>
    <subfield code="b">SSMM</subfield>
    <subfield code="d">2026-03-25</subfield>
    <subfield code="e">Atharva</subfield>
    <subfield code="g">95.00</subfield>
    <subfield code="i">1138</subfield>
    <subfield code="l">0</subfield>
    <subfield code="p">SSMM-BK-33259</subfield>
    <subfield code="r">2026-03-25 11:00:00</subfield>
    <subfield code="w">2024-10-16</subfield>
    <subfield code="y">RF</subfield>
    <subfield code="z">010033259</subfield>
  </datafield>
  <datafield tag="952" ind1=" " ind2=" ">
    <subfield code="0">0</subfield>
    <subfield code="1">0</subfield>
    <subfield code="2">ddc</subfield>
    <subfield code="4">0</subfield>
    <subfield code="7">0</subfield>
    <subfield code="a">SSMM</subfield>
    <subfield code="b">SSMM</subfield>
    <subfield code="d">2026-03-25</subfield>
    <subfield code="e">Atharva</subfield>
    <subfield code="g">95.00</subfield>
    <subfield code="i">1138</subfield>
    <subfield code="l">0</subfield>
    <subfield code="p">SSMM-BK-33260</subfield>
    <subfield code="r">2026-03-25 11:00:00</subfield>
    <subfield code="w">2024-10-16</subfield>
    <subfield code="y">RF</subfield>
    <subfield code="z">010033260</subfield>
  </datafield>
</record>
